000 00388nam a22001457a 4500
008 250716b |||||||| |||| 00| 0 eng d
020 _a8171679901
050 _aHF1025
_b.C46
100 _aChopra Girish
245 _aEconomic Geography
260 _aNew Delhi
_bCommonwealth Publisher
_c2023
300 _a288p.
_bill.
650 _aEconomic Geography
_vCommercial Geography
942 _cBK
999 _c4323
_d4323